Missing Word: Star Wars VI Quotes Quiz Stats

Quiz Updated Jul 13, 2016

Challenge
Share
Tweet
Embed
Score 0/25 Timer 05:00
1 Play Today
Quote Word % Correct
If I told you half the things I've heard about this ____ the Hutt, you'd probably short circuit.Jabba
97.5%
Leia! Leia is my _____.sister
92.9%
I have a really bad _____ about this.feeling
92.8%
There will be no bargain, young Jedi. I shall enjoy watching you ___.die
90.8%
Luke, when gone am I... the last of the ____ will you be.Jedi
90.8%
As a token of my goodwill, I present to you a gift -- these two ____. Both are hardworking and will serve you well.droids
90.6%
Your father was seduced by the Dark Side of the Force. He ceased to be ____ Skywalker and became Darth Vader.Anakin
88.8%
All right. I understand. Fine. When he comes back, I won't get in the way.
Oh, it's not like that at all. He's my _____.
brother
86.8%
You already... have, Luke. You were ____. You were ____ about me. Tell your sister... you were ____.right
85.5%
Nothing... can stop that now. Just for once... let me... look on you with my ____ eyes.own
83.8%
It's a ____!trap
82.8%
Sick have I become, old and weak... when ___ hundred years old you reach, look as good you will not, hmm?nine
82.1%
I have my orders from the _____ himself. He has something special planned for them. We only need to keep them from escaping.Emperor
81.9%
Quote Word % Correct
You rebel ____.scum
80.8%
That blast came from the ____ ____! That thing's operational!Death Star
80.5%
3PO, tell them if they don't do as you wish, you'll become ____ and use your magic.angry
80.5%
Take your weapon. Strike me down with all of your hatred and your journey towards the Dark Side will be ____!complete
79.8%
It is protected by an energy shield which is generated from the nearby forest moon of ____.Endor
76.5%
A Jedi Knight? I'm out of it for a little while, everybody gets delusions of _____!grandeur
75.5%
Your thoughts _____ you, Father. I feel the good in you, the conflict.betray
74.6%
Han will have that ____ down. We've got to give him more time!shield
70.1%
Your overconfidence is your weakness.
Your faith in your ____ is yours!
friends
59.8%
Oh no, my young Jedi. You will find that it is you who are _____, about a great many things.mistaken
58.2%
You underestimate the power of the Dark Side. If you will not fight, then you will meet your ____.destiny
48%
3PO, you tell that slimy piece of worm-ridden filth, he'll get no such _____ from us. (Right?)pleasure
39.8%

Today's Daily Dose

Missing Word
Actress of Thrones

Word Ladder
Black Phrases

Quick Pick
'B' Beverages

On This Day
February 21st II

You're not logged in!

Compare scores with friends on all Sporcle quizzes.
Sign Up with Email
OR
Log In

You Might Also Like...

Show Comments

Extras

Top Quizzes Today


Score Distribution

Your Account Isn't Verified!

In order to create a playlist on Sporcle, you need to verify the email address you used during registration. Go to your Sporcle Settings to finish the process.